=LDR 00000nam 2200000 4500 =001 INLIS000000000028581 =990 ##$$a 2090100590/BPAP-NTB/2015 =005 20130612130857 =990 ##$$a 21197149/BPAP-NTB/2014 =008 ***********************************Ind** =990 ##$$a 21400613/BPAP-NTB/20142014 =035 ##$$0010-061300000028581 =041 ##$$a Ind =082 ##$$a 410 =090 ##$$a 410, Tad b =100 ##$$a Tadjuddin, Moh =245 ##$$a Batas bahasaku batas duniaku, Moh. Tajuddin =260 ##$$a 2004 $b Bandung =300 ##$$a x, 198 hlm, 21 cm =650 ##$$a Bahasa Indonesia =850 ##$$a NBPNMAT =990 ##$$a 21197149/BPAP-NTB/2014 =990 ##$$a 21400613/BPAP-NTB/20142014 =990 ##$$a 2090100590/BPAP-NTB/2015